000 01606naa a22003617a 4500
001 BR9603261
003 BR-BrBNA
005 20240918181834.0
007 ta
008 230509b bl.||||| |||| 00| 0 por d
040 _aBR-BrBNA
_bpor
_cBiblioteca Nacional de Agricultura
041 _a(Pt)
072 _aF30; K10
_b0312
090 _aF30 BR9603261
100 1 _aNodari, R.O.
100 1 _aReis, M.S.
100 1 _aFantini, A.C.
100 1 _aReis, A.
100 1 _aGuerra, M.P.
100 1 _aMantovani, A.
100 1 _aDias, M.P.
111 1 _a1. Congresso Florestal Panamericano7. Congresso Florestal Brasileiro
_cCuritiba, PR (Brazil)
_d19-24 Sep 1993
245 1 _aTeste de procedencia e progenie de Euterpe edulis. I. Procedencias sai-gracu e Itapocu, Vales do Mampituba e Ararangua e Medio Vale do Itajai-Acu
260 3 _aCuritiba, PR (Brasil):
_c1993.
500 _aAnais do 1. Congresso Florestal Panamericano e 7. Congresso Florestal Brasileiro. Floresta para o desenvolvimento: politica, ambiente, tecnologia e mercado. Trabalhos voluntarios e posters Curitiba, PR (Brasil): 1993. v. 2 p. 470-471 (BR9603261-AM)F30
650 _aAcai
650 _aTeste de Progenie
650 _aCaracteristicas Agronomicas
650 _aSilvicultura
773 0 _tAnais do 1. Congresso Florestal Panamericano e 7. Congresso Florestal Brasileiro. Floresta para o desenvolvimento: politica, ambiente, tecnologia e mercado. Trabalhos voluntarios e posters
_wF30 BR9603261
_gCuritiba, PR (Brasil), 1993. v. 2 p. 470-471
909 _a202404
_bLucia
_c55
_dLucia Elande
942 _cAM
_2AGRIS
999 _c327087
_d327087